000 01315pab a2200157 454500
008 180718b2004 xxu||||| |||| 00| 0 eng d
100 _aNelson, Arthur C.
245 _aUrban containment and residential segregation: a preliminary investigation
260 _c2004
300 _ap.423-39.
362 _aFeb
520 _aA fundamental purpose of traditional land-use controls is to exclude undesirable land uses from residential communities. However, such regulations have been shown to limit the ability of low-income households and people of colour to find suitable housing in decent neighbourhoods. Urban containment is an attempt to regulate land uses in ways that reduce if not eliminate social exclusion. This paper uses information from a nation-wide survey of metropolitan planning organisations to identify metropolitan areas with urban containment programmes in place. A theory is developed and a model is applied to 242 metropolitan statistical areas to test the hypothesis that areas with urban containment witnessed greater reductions in residential segregation than those without. Preliminary statistical investigations show this to be the case. Policy implications and an outline for further research are provided. - Reproduced.
650 _aLand use
773 _aUrban Studies
909 _a60014
999 _c60014
_d60014